000 00509nam a2200181Ia 4500
008 180207s9999 xx 000 0 und d
020 _a9780736425049
050 _bL177 2007
100 _aLagonegro, Melissa
245 2 _aA horse to love :
245 _ban enchanted stables story /
245 _cMelissa Lagonegro ; illustrated by the Disney Storybook Artists.
260 _aNew York :
260 _bRandom House, Inc.,
260 _c2007
300 _aunpaged :
300 _bcolor illustration ;
999 _c355242
_d355242